| 000 | 01891nam a22002057a 4500 | ||
|---|---|---|---|
| 008 | 251022b |||||||| |||| 00| 0 eng d | ||
| 020 | _a9789063696085 | ||
| 040 | _ctbs | ||
| 041 | _aeng | ||
| 050 |
_aHD57.7 _bV85 2021 |
||
| 100 |
_aVullings, Ramon _926263 _eauthor |
||
| 245 |
_aGreat leaders mix and match _b: get ready for the future with the ideaDJ strategy _c/ Ramon Vullings. |
||
| 260 |
_aAmsterdam : _bBIS Publishers, _c2021. |
||
| 300 |
_a237 pages : _billustrations (color) ; _c16 cm. |
||
| 520 | _aGreat Leaders Mix and Match is a manifesto for more beautiful combinations in (business) life. The world faces complex challenges, and these challenges can only be resolved by mixing and matching ideas. The beauty here lies in the elegance of the solutions which actually make the (business) world a better place and how we are able to solve multiple challenges in one go. Think of a waste incarnation plant which doubles as ski hill. Or think of new solutions for care: an elderly home, combined with children day care and an animal farm, where all parties benefit from the combination. These are real cases where the total (combination) is clearly more than the sum of its parts. This book serves as a manual and toolbox and outlines how leaders can become 'ideaDJs'. A perfect ideaDJ mix consists of beauty, value and impact. By creating beauty, the solutions have more elegance in their implementation. It adds more value to all stakeholders, not just shareholders. And finally, the solutions create more sustainable and scalable impact. Besides many exciting examples, this book contains a clear methodology and tool kits. The main focus is to help (business) leaders to change the mindset and attitude of the people around them. | ||
| 650 | 0 |
_aCreative ability in business _94129 |
|
| 650 | 0 |
_aLeadership _92600 |
|
| 650 | 0 |
_aStrategic planning _93573 |
|
| 942 | _2lcc | ||
| 999 |
_c5077 _d5077 |
||